Diseño y ajuste de protecciones para una subestación elevadora, aplicada a la subestación eléctrica de Chiripa
Gespeichert in:
| 1. Verfasser: | |
|---|---|
| Weitere Verfasser: | |
| Format: | Buch |
| Sprache: | Spanish |
| Veröffentlicht: |
[San José, Costa Rica]
2014
|
| Schlagworte: | |
| Tags: |
Tag hinzufügen
Keine Tags, Fügen Sie den ersten Tag hinzu!
|
MARC
| LEADER | 00000nam a22000007a 4500 | ||
|---|---|---|---|
| 003 | 012152 | ||
| 005 | 20230825081216.0 | ||
| 008 | 150708b2014 cr a|||| |||| 00| ||spa d | ||
| 040 | |c cru CEDI | ||
| 090 | |a TFG 7317 | ||
| 100 | |9 1204 |a Alemán Araya, Randy, 1985- | ||
| 245 | |a Diseño y ajuste de protecciones para una subestación elevadora, aplicada a la subestación eléctrica de Chiripa | ||
| 260 | |a [San José, Costa Rica] |c 2014 | ||
| 300 | |a xvi, 134 hojas : ilustraciones | ||
| 500 | |a Proyecto de graduación(bachillerato en ingeniería eléctrica)-- Universidad de Costa Rica. Facultad de Ingeniería. Escuela de Ingeniería Eléctrica | ||
| 501 | |a Profesor Guía de IE-0502 Proyecto Eléctrico: Ing. Tony Eduardo Delgado Carvajal | ||
| 650 | |x SUBESTACIONES ELECTRICAS |x TRANSFORMADORES ELECTRICOS |x CIRCUITOS ELECTRICOS |x ELECTRICIDAD |x DISTRIBUCION DE ENERGIA ELECTRICA |x SISTEMAS DE ENERGIA ELECTRICA |x CENTRALES ELECTRICAS |9 816 | ||
| 700 | |9 723 |a Delgado Carvajal, Tony Eduardo, 1986- |d Director de Proyecto Eléctrico | ||
| 942 | |c CEDI | ||
| 999 | |c 13857 |d 13857 | ||
